|
|
|
|
| LEADER |
00000nam a22000007a 4500 |
| 005 |
20120613162038.0 |
| 007 |
cr|||| |||| |
| 008 |
120613s2009 co |||||s|||| 00||0 spa d |
| 020 |
|
|
|a 978-958-738-015-6
|
| 035 |
|
|
|a 6364
|
| 040 |
|
|
|a vLex
|
| 090 |
|
|
|c 3171
|d 3171
|
| 100 |
1 |
|
|a Quiǫnes Montealegre, Antonio
|
| 245 |
1 |
3 |
|a El impuesto de industria y comercio
|h [Recurso electrn̤ico] :
|b Conflictos y propuesta de reforma /
|c Antonio Quiǫnes Montealegre
|
| 256 |
|
|
|a Servicio en ln̕ea
|
| 260 |
|
|
|a [Colombia] :
|b Editorial Universidad del Rosario,
|c 2009
|
| 506 |
1 |
|
|a Contenido solo disponible en los productos indicados
|d vLex Global
|d vLex Global (Academic Edition, excluding Law Schools)
|d vLex Global (U.S. Academic Edition, Law Schools)
|d vLex Global (U.S. Academic Edition, excluding Law Schools)
|d vLex Global (Academic Edition, Law Schools)
|
| 650 |
0 |
4 |
|a i
|
| 740 |
0 |
|
|a vLex Libros (Servicio en ln̕ea)
|
| 856 |
4 |
0 |
|u http://vlex.com/source/impuesto-industria-comercio-conflictos-propuesta-reforma-6364
|z Acceso restringido
|
| 942 |
|
|
|c BOOK
|